Strategic management (Record no. 16661)
[ view plain ]
| 000 -LEADER | |
|---|---|
| fixed length control field | 00522nam a22001697a 4500 |
| 008 - FIXED-LENGTH DATA ELEMENTS--GENERAL INFORMATION | |
| fixed length control field | 180208b xxu||||| |||| 00| 0 eng d |
| 020 ## - INTERNATIONAL STANDARD BOOK NUMBER | |
| International Standard Book Number | 0199216468 |
| 040 ## - CATALOGING SOURCE | |
| Original cataloging agency | KABU |
| Transcribing agency | KABU |
| 050 ## - LIBRARY OF CONGRESS CALL NUMBER | |
| Classification number | HD30.28 |
| Item number | .H33 2008 c. 1 |
| 100 ## - MAIN ENTRY--PERSONAL NAME | |
| Personal name | Haberberg, Adrian |
| 245 ## - TITLE STATEMENT | |
| Title | Strategic management |
| Remainder of title | theory and application |
| Statement of responsibility, etc. | Adrian Haberberg, Alison Rieple |
| 260 ## - PUBLICATION, DISTRIBUTION, ETC. (IMPRINT) | |
| Place of publication, distribution, etc. | Oxford |
| Name of publisher, distributor, etc. | Oxford University Press |
| Date of publication, distribution, etc. | 2008 |
| 300 ## - PHYSICAL DESCRIPTION | |
| Extent | xxiv, 822 p. |
| 650 ## - SUBJECT ADDED ENTRY--TOPICAL TERM | |
| Topical term or geographic name as entry element | Strategic planning |
| 700 ## - ADDED ENTRY--PERSONAL NAME | |
| Personal name | Rieple, Alison |
| 942 ## - ADDED ENTRY ELEMENTS (KOHA) | |
| Source of classification or shelving scheme | Library of Congress Classification |
| Koha item type | General Collection |
| Classification part | HD30.28 |
| Withdrawn status | Lost status | Source of classification or shelving scheme | Not for loan | Home library | Current library | Shelving location | Date acquired | Cost, normal purchase price | Total Checkouts | Total Renewals | Full call number | Barcode | Date last seen | Date last checked out | Copy number | Price effective from | Koha item type |
|---|---|---|---|---|---|---|---|---|---|---|---|---|---|---|---|---|---|
| Library of Congress Classification | Kabarak, Main Campus | Kabarak, Main Campus | General Stacks | 08/02/2018 | 9790.00 | 1 | 1 | HD30.28 .H33 2008 c. 1 | 027948 | 23/08/2022 | 26/08/2019 | c. 1 | 08/02/2018 | General Collection | |||
| Library of Congress Classification | Kabarak, Main Campus | Kabarak, Main Campus | General Stacks | 08/02/2018 | 9790.00 | 2 | HD30.28 .H33 2008 c. 2 | 027949 | 02/08/2024 | 19/11/2022 | c. 2 | 08/02/2018 | General Collection | ||||
| Library of Congress Classification | Kabarak, Nakuru City Campus | Kabarak, Nakuru City Campus | General Stacks | 08/02/2018 | 9790.00 | 4 | HD30.28 .H33 2008 c. 1 | 027951 | 09/04/2019 | 01/04/2019 | c. 1 | 08/02/2018 | General Collection |